[Event "SUI-ch U12"]
[Site "Kreuzlingen"]
[Date "2016.07.03"]
[Round "7.3"]
[White "Tamrazyan, Gohar"]
[Black "Cordey, Colin"]
[Result "1-0"]
[WhiteElo "1727"]
[BlackElo "1761"]
[PlyCount "31"]
[EventDate "2016.??.??"]

1. e4 e6 2. d4 d5 3. Nc3 Bb4 4. exd5 exd5 5. Nf3 Bg4 6. Be2 Ne7 7. O-O O-O 8.
Bf4 Ng6 9. Bg3 c6 10. Ne5 Bxe2 11. Qxe2 Re8 12. Qg4 Qf6 13. Rae1 Nxe5 14. Bxe5
Qg6 15. Bd6 Rxe1 16. Qc8+ 1-0

[Event "SUI-ch U12"]
[Site "Kreuzlingen"]
[Date "2016.07.03"]
[Round "7.4"]
[White "Binz, Lennox"]
[Black "Tschopp, Olivier"]
[Result "1/2-1/2"]
[WhiteElo "1669"]
[BlackElo "1566"]
[PlyCount "62"]
[EventDate "2016.??.??"]

1. e4 e5 2. Nf3 Nc6 3. Bb5 a6 4. Ba4 Nf6 5. d3 b5 6. Bb3 Be7 7. c3 d6 8. O-O
O-O 9. h3 Bb7 10. Nbd2 Na5 11. Bc2 Qd7 12. Re1 Nc6 13. Nf1 Rfe8 14. Ng3 Bd8 15.
Bg5 h6 16. Be3 Ne7 17. Qd2 Kh7 18. Rad1 Ng6 19. Nf5 Ng8 20. Nh2 Nh4 21. Nxh4
Bxh4 22. Nf3 Bf6 23. d4 Kh8 24. dxe5 Bxe5 25. Nxe5 Rxe5 26. Bd4 Re7 27. Qd3 c5
28. e5 f5 29. Bxc5 Qc6 30. Qg3 dxc5 31. f3 Rf8 1/2-1/2

[Event "SUI-ch U12"]
[Site "Kreuzlingen"]
[Date "2016.07.03"]
[Round "7.5"]
[White "Demiraj, Damian"]
[Black "Kostina, Veronika"]
[Result "0-1"]
[WhiteElo "1565"]
[BlackElo "1635"]
[PlyCount "122"]
[EventDate "2016.??.??"]

1. e4 c5 2. Nf3 e6 3. d4 cxd4 4. Nxd4 Nf6 5. Nc3 Nc6 6. Ndb5 Bb4 7. f3 O-O 8.
a3 Be7 9. Be3 a6 10. Nd6 Qc7 11. Bc5 b6 12. Bb4 Nxb4 13. Nxc8 Nxc2+ 14. Qxc2
Rfxc8 15. Be2 Bd6 16. g3 Be5 17. Rc1 Bxc3+ 18. Qxc3 Qxc3+ 19. Rxc3 Rxc3 20.
bxc3 b5 21. Kd2 d5 22. e5 Nd7 23. f4 Kf8 24. Ra1 Nc5 25. Bd1 Ke7 26. a4 bxa4
27. Bxa4 Nxa4 28. Rxa4 Kd7 29. c4 Kc6 30. Kc3 a5 31. cxd5+ Kxd5 32. Rc4 a4 33.
Rd4+ Kc5 34. Rd1 a3 35. Ra1 a2 36. Kb2 Kd4 37. Kc2 Ke3 38. Kd1 Kf3 39. Ke1 Kg2
40. Ke2 Kxh2 41. Kf3 Ra3+ 42. Kg4 Rxg3+ 43. Kh5 Ra3 44. Kg5 Kg3 45. f5 exf5 46.
Kxf5 Kf3 47. e6 fxe6+ 48. Kxe6 Kg2 49. Kf7 h5 50. Kxg7 h4 51. Kg6 h3 52. Kg5 h2
53. Kf4 h1=Q 54. Rxh1 Kxh1 55. Ke4 a1=Q 56. Kd5 Qe1 57. Kd4 Qe2 58. Kd5 Rd3+
59. Kc4 Qc2+ 60. Kb4 Rb3+ 61. Ka4 Qa2# 0-1

[Event "SUI-ch U12"]
[Site "Kreuzlingen"]
[Date "2016.07.03"]
[Round "7.6"]
[White "Python, Noe"]
[Black "Babineca, Darja"]
[Result "1/2-1/2"]
[WhiteElo "1502"]
[BlackElo "1755"]
[PlyCount "77"]
[EventDate "2016.??.??"]

1. e4 e5 2. Nf3 Nf6 3. Nc3 Bb4 4. Bc4 O-O 5. O-O Bxc3 6. dxc3 d6 7. Re1 Be6 8.
Qd3 h6 9. h3 Nbd7 10. b3 Nc5 11. Qe2 Ncxe4 12. Bxe6 fxe6 13. Qc4 Qe7 14. Ba3 b5
15. Qxb5 Nxc3 16. Qxe5 Nfe4 17. Rxe4 Nxe4 18. Qxe4 Qf6 19. Re1 e5 20. Bc1 Rae8
21. a4 Re7 22. Be3 a6 23. Qc6 Qg6 24. Re2 Rf6 25. Qxa6 Rxf3 26. Qa8+ Rf8 27.
Qd5+ Qe6 28. Qxe6+ Rxe6 29. Rd2 Ra8 30. Rd3 Kf8 31. Rc3 c5 32. Rd3 Ke7 33. Kf1
Rf6 {(=)} 34. Ke2 Ke6 35. g3 Rff8 36. Ke1 Rfc8 37. c4 Rcb8 38. Kd2 Ra6 39. Kc2
1/2-1/2

[Event "SUI-ch U12"]
[Site "Kreuzlingen"]
[Date "2016.07.03"]
[Round "7.7"]
[White "Kannan, Ritish"]
[Black "Monnier, Shakil"]
[Result "1/2-1/2"]
[WhiteElo "1516"]
[BlackElo "1453"]
[PlyCount "102"]
[EventDate "2016.??.??"]

1. d4 Nf6 2. c4 e6 3. Nc3 Bb4 4. e3 b6 5. Nf3 Bb7 6. Be2 O-O 7. O-O Bxc3 8.
bxc3 Ne4 9. Bd3 f5 10. Bb2 d6 11. Nd2 Nxd2 12. Qxd2 Qg5 13. f4 Qg6 14. Qe2 Nd7
15. Rae1 Nf6 16. Bc2 Ne4 17. Rf3 Nf6 18. Rg3 Qe8 19. Rh3 Qc6 20. Rd1 d5 21.
cxd5 Nxd5 22. Bb3 Rae8 23. Bxd5 exd5 24. Qh5 Qh6 25. Qxh6 gxh6 26. Re1 Rf6 27.
Kf2 Kf7 28. Rg1 Rfe6 29. g4 fxg4 30. Rxg4 Rg8 31. Rxg8 Kxg8 32. Kf3 Rg6 33. f5
Rf6 34. Kf4 Bc8 35. Rh5 Kf8 36. Ke5 c6 37. e4 dxe4 38. Kxe4 Ke7 39. Ke5 b5 40.
d5 cxd5 41. Kxd5 Rxf5+ 42. Rxf5 Bxf5 43. Ke5 Be6 44. a3 a6 45. Bc1 h5 46. Kf4
Kf6 47. h4 Bf5 48. Be3 Ke6 49. Bc5 Kf6 50. Bb4 Ke6 51. Kg5 Bg6 1/2-1/2

[Event "SUI-ch U12"]
[Site "Kreuzlingen"]
[Date "2016.07.03"]
[Round "7.8"]
[White "Peter, Yul"]
[Black "Bounlom, Jannik"]
[Result "0-1"]
[WhiteElo "1606"]
[BlackElo "1817"]
[PlyCount "120"]
[EventDate "2016.??.??"]

1. e4 e5 2. Nf3 Nc6 3. Bc4 Nf6 4. Ng5 d5 5. exd5 Na5 6. Bb5+ c6 7. dxc6 bxc6 8.
Be2 h6 9. Nf3 e4 10. Ne5 Bd6 11. Nc4 Nxc4 12. Bxc4 O-O 13. h3 Re8 14. O-O Nh7
15. d3 Qf6 16. Nc3 Qe5 17. g3 Bxh3 18. Re1 Qe7 19. Rxe4 Qc7 20. Rxe8+ Rxe8 21.
Ne4 Be5 22. Qh5 Bc8 23. c3 Qb7 24. d4 Nf6 25. Nxf6+ Bxf6 26. Bd2 Rf8 27. b3 Qd7
28. Bd3 Bxd4 29. Qe2 Bb6 30. Rd1 Qg4 31. Qxg4 Bxg4 32. Re1 Rd8 33. Bb1 Bxf2+
34. Kxf2 Rxd2+ 35. Kg1 Rd8 36. Kf2 g6 37. Re7 Rd2+ 38. Kf1 Rd1+ 39. Re1 Rxe1+
40. Kxe1 Be6 41. Be4 c5 42. Bb1 a5 43. Bc2 Kg7 44. a3 Kf6 45. Kf2 Ke5 46. Kf3
Bd5+ 47. Kg4 Bg2 48. b4 cxb4 49. cxb4 axb4 50. axb4 f5+ 51. Kh4 Kd4 52. Bd1 Kc4
53. b5 Kxb5 54. g4 fxg4 55. Bxg4 Be4 56. Bc8 Kc5 57. Kg4 Kd4 58. Kf4 Bc2 59.
Bg4 g5+ 60. Kf3 Bd1+ 0-1

[Event "SUI-ch U14"]
[Site "Kreuzlingen"]
[Date "2016.06.30"]
[Round "1.1"]
[White "Fischer, Daniel"]
[Black "Toth, Anatol"]
[Result "0-1"]
[WhiteElo "2043"]
[BlackElo "1775"]
[PlyCount "60"]
[EventDate "2016.??.??"]

1. e4 e5 2. Nf3 Nc6 3. Bc4 Bc5 4. c3 Nf6 5. d3 a6 6. Bb3 Ba7 7. Nbd2 d6 8. h3
h6 9. Nf1 Be6 10. Ng3 Qd7 11. Qe2 O-O 12. O-O Rfe8 13. Bxe6 fxe6 14. Nh2 d5 15.
Ng4 Qe7 16. Nxf6+ Qxf6 17. Qg4 Kh7 18. Kh1 Qg6 19. Qh4 Rf8 20. f4 exf4 21. Bxf4
e5 22. Bd2 Bf2 23. Kh2 dxe4 24. dxe4 Rad8 25. Rxf2 Rxf2 26. Be3 Rxb2 27. Rf1
Rd3 28. Bc1 Rc2 29. Re1 Rdxc3 30. Be3 Rxa2 0-1

[Event "SUI-ch U14"]
[Site "Kreuzlingen"]
[Date "2016.06.30"]
[Round "1.2"]
[White "Hurlimann, Max"]
[Black "Kreutzmann, Duke"]
[Result "1/2-1/2"]
[WhiteElo "1727"]
[BlackElo "1979"]
[PlyCount "61"]
[EventDate "2016.??.??"]

1. e4 e6 2. d4 d5 3. Nc3 Nf6 4. e5 Nfd7 5. f4 c5 6. Nf3 Be7 7. Be3 b6 8. Qd2
O-O 9. g3 Nc6 10. h4 cxd4 11. Bxd4 f6 12. Bh3 Nc5 13. O-O-O f5 14. Bf2 b5 15.
Bxc5 Bxc5 16. Nxb5 Qb6 17. Nbd4 Rb8 18. c3 Na5 19. Bf1 Ba3 20. Rh2 a6 21. Qc2
Bc5 22. b4 Bxd4 23. Nxd4 Nc6 24. Qa4 Nxd4 25. Rxd4 Qc7 26. Rc2 Qb6 27. Qa5 Qc6
28. Be2 Bb7 29. Qc5 Qd7 30. Qa5 Qc6 31. Qc5 1/2-1/2

[Event "SUI-ch U14"]
[Site "Kreuzlingen"]
[Date "2016.06.30"]
[Round "1.3"]
[White "Zaza, Alexandre"]
[Black "Labelle, Ambroise"]
[Result "0-1"]
[WhiteElo "1891"]
[BlackElo "1726"]
[PlyCount "48"]
[EventDate "2016.??.??"]

1. e4 e6 2. d3 d5 3. Qe2 Nc6 4. Nf3 e5 5. exd5 Qxd5 6. Nc3 Bb4 7. Bd2 Bxc3 8.
Bxc3 Bg4 9. Qe4 Bxf3 10. Qxf3 Qxf3 11. gxf3 Nge7 12. f4 f6 13. fxe5 Nxe5 14.
O-O-O O-O 15. Bg2 c6 16. Rde1 N5g6 17. Bd2 Nd5 18. Re4 Rfe8 19. Rhe1 Kf7 20.
Bh3 Ne5 21. c4 Nxd3+ 22. Kc2 Nxe1+ 23. Rxe1 Rxe1 24. Bxe1 Nf4 0-1

[Event "SUI-ch U14"]
[Site "Kreuzlingen"]
[Date "2016.06.30"]
[Round "1.4"]
[White "Urwyler, Nikash"]
[Black "Gherghel Butan, Mircea"]
[Result "0-1"]
[WhiteElo "1716"]
[BlackElo "1880"]
[PlyCount "44"]
[EventDate "2016.??.??"]

1. e4 Nf6 2. e5 Nd5 3. d4 d6 4. Nf3 dxe5 5. Nxe5 c6 6. Bc4 Nd7 7. O-O Nxe5 8.
dxe5 Bf5 9. Nd2 e6 10. Nf3 Nb4 11. Nd4 Bxc2 12. Nxc2 Qxd1 13. Rxd1 Nxc2 14. Rb1
Nb4 15. f4 Bc5+ 16. Kh1 Rd8 17. Rxd8+ Kxd8 18. a3 Nd5 19. Bd2 Ke7 20. Rd1 Rd8
21. b4 Ne3 22. Rc1 Nxc4 0-1

[Event "SUI-ch U14"]
[Site "Kreuzlingen"]
[Date "2016.06.30"]
[Round "1.5"]
[White "Williams, Johann"]
[Black "Ramseyer, Nicola"]
[Result "1-0"]
[WhiteElo "1856"]
[BlackElo "1699"]
[PlyCount "185"]
[EventDate "2016.??.??"]

1. e4 c5 2. Nf3 e6 3. d4 cxd4 4. Nxd4 Nc6 5. Nc3 Nf6 6. a3 d5 7. Bb5 Qc7 8.
exd5 Nxd5 9. Nxd5 exd5 10. O-O Be7 11. Re1 a6 12. Ba4 b5 13. Bb3 Nxd4 14. Qxd4
O-O 15. Bxd5 Bb7 16. Bxb7 Qxb7 17. Bf4 Bf6 18. Be5 Rfd8 19. Qf4 Bxe5 20. Rxe5
Rac8 21. Rae1 Qd7 22. h3 Rf8 23. R5e2 Rc4 24. Qe3 Qc7 25. Qe8 g6 26. Qe3 Rxc2
27. Rxc2 Qxc2 28. Qe5 Qc6 29. Qe7 Kg7 30. Qe3 Qf6 31. Re2 Qc6 32. Qd4+ Qf6 33.
Qe4 Rb8 34. Qb4 Rd8 35. Qb3 Rc8 36. Qe3 Qc6 37. Qd4+ Qf6 38. Qe3 Qc6 39. Re1
Qf6 40. Qd2 Rd8 41. Qc2 Qd6 42. Rc1 Rd7 43. b4 Qd3 44. Qb2+ Qd4 45. Qxd4+ Rxd4
46. Rc6 Rd1+ 47. Kh2 Rd3 48. Rxa6 g5 49. Ra5 Kf6 50. g3 h5 51. Kg2 g4 52. Rxb5
gxh3+ 53. Kxh3 Rxa3 54. Rxh5 Rb3 55. Rb5 Rb2 56. f4 Rb3 57. Kg4 Kg6 58. Rb8 Kf6
59. b5 Ke6 60. Rb6+ Kd7 61. Rb7+ Ke6 62. Kh4 f5 63. Rb6+ Ke7 64. g4 fxg4 65.
Kxg4 Kd7 66. Kg5 Kc7 67. Rc6+ Kd7 68. Rc5 Kd6 69. Re5 Rb4 70. Kf5 Kc7 71. Kg4
Kd6 72. Rh5 Kc7 73. Rg5 Kd6 74. b6 Ke7 75. Rg6 Kf7 76. Rc6 Ke7 77. Kg5 Kd7 78.
Rh6 Rb5+ 79. f5 Kc8 80. Rf6 Rb1 81. Re6 Rg1+ 82. Kf6 Rf1 83. Kg6 Kd7 84. b7 Rb1
85. Kf7 Kc7 86. Re7+ Kb8 87. f6 Rg1 88. Kf8 Rf1 89. f7 Rf2 90. Ke8 Ka7 91. f8=Q
Rd2 92. b8=Q+ Kxb8 93. Kf7+ 1-0

[Event "SUI-ch U14"]
[Site "Kreuzlingen"]
[Date "2016.06.30"]
[Round "1.6"]
[White "Barth, Can-Elian"]
[Black "Chennaoui, Yasin"]
[Result "0-1"]
[WhiteElo "1700"]
[BlackElo "1843"]
[PlyCount "84"]
[EventDate "2016.??.??"]

1. d4 d5 2. c4 c6 3. cxd5 cxd5 4. Nf3 Nf6 5. Nc3 e6 6. Bg5 Be7 7. e3 O-O 8. Bd3
Nc6 9. a3 a6 10. O-O Bd7 11. Rc1 h6 12. Bh4 b5 13. b4 Rc8 14. Nd2 e5 15. Nb3
Be6 16. Be2 Re8 17. f4 exd4 18. exd4 Bf5 19. Bf3 Ne4 20. Bxe7 Rxe7 21. Nc5 Nb8
22. Re1 Nxc3 23. Rxc3 Rcc7 24. Rce3 Rxe3 25. Rxe3 Re7 26. Qe2 Rxe3 27. Qxe3 Qd6
28. g3 Kf8 29. Qb3 Be6 30. a4 Nc6 31. Bg2 Nxd4 32. Qd3 Nf5 33. axb5 axb5 34.
Qxb5 Ne3 35. Bf3 d4 36. Qa5 g6 37. Qa8+ Kg7 38. Nxe6+ Qxe6 39. Qe4 Qc4 40. Qe5+
Kh7 41. Bg2 Qc1+ 42. Kf2 Qd2+ 0-1

[Event "SUI-ch U14"]
[Site "Kreuzlingen"]
[Date "2016.06.30"]
[Round "1.7"]
[White "Tezayak, Matthias"]
[Black "Deveci, Sinan"]
[Result "1/2-1/2"]
[WhiteElo "1813"]
[BlackElo "1688"]
[PlyCount "75"]
[EventDate "2016.??.??"]

1. e4 d6 2. d4 c6 3. Nf3 Bg4 4. Be2 Nd7 5. Be3 Qc7 6. Nc3 Ngf6 7. a3 e5 8. O-O
Be7 9. Re1 O-O 10. h3 Bh5 11. Nd2 Bxe2 12. Qxe2 a6 13. a4 a5 14. Nc4 Rfc8 15.
Na3 Nf8 16. d5 N8d7 17. Rad1 Rf8 18. Nc4 Rac8 19. b3 Ne8 20. Qd2 f5 21. f3 Bh4
22. Rf1 f4 23. Bf2 Be7 24. Kh2 Ra8 25. Rg1 Qd8 26. Rgf1 c5 27. Ne2 Bg5 28. Ra1
b6 29. Rfb1 Qf6 30. c3 Nc7 31. b4 Ra7 32. bxa5 bxa5 33. Nb6 Qe7 34. Nxd7 Qxd7
35. Rb2 Rfa8 36. Qc2 Bd8 37. Rab1 Na6 38. Qd1 1/2-1/2

[Event "SUI-ch U14"]
[Site "Kreuzlingen"]
[Date "2016.06.30"]
[Round "1.8"]
[White "Pecorini, Angie"]
[Black "Angst, Oliver"]
[Result "1/2-1/2"]
[WhiteElo "1676"]
[BlackElo "1812"]
[PlyCount "64"]
[EventDate "2016.??.??"]

1. d4 d5 2. c4 c6 3. Nf3 Nf6 4. Nc3 e6 5. e3 dxc4 6. Bxc4 Nbd7 7. O-O b5 8. Bd3
a6 9. e4 c5 10. e5 cxd4 11. Nxb5 axb5 12. exf6 gxf6 13. Nxd4 Bb7 14. Bxb5 Rg8
15. f3 Ba6 16. Bxa6 Rxa6 17. Qe2 Qb6 18. Kh1 Ra5 19. Nb3 Re5 20. Qc2 Qa6 21.
Rd1 Re2 22. Qc7 Bd6 23. Qxd7+ Kxd7 24. Nc5+ Kc6 25. Nxa6 Rgxg2 26. Be3 Rxh2+
27. Kg1 Rxb2 28. a4 Rh3 29. Rac1+ Kb7 30. Rxd6 Rg3+ 31. Kf1 Rxf3+ 32. Kg1 Rg3+
1/2-1/2

[Event "SUI-ch U14"]
[Site "Kreuzlingen"]
[Date "2016.06.30"]
[Round "2.1"]
[White "Gherghel Butan, Mircea"]
[Black "Chennaoui, Yasin"]
[Result "1/2-1/2"]
[WhiteElo "1880"]
[BlackElo "1843"]
[PlyCount "104"]
[EventDate "2016.??.??"]

1. d4 d5 2. c4 e6 3. Nf3 Nf6 4. e3 Be7 5. Nc3 O-O 6. Bd3 b6 7. O-O Bb7 8. Qc2
Nbd7 9. e4 dxe4 10. Nxe4 Nxe4 11. Bxe4 Bxe4 12. Qxe4 c5 13. Rd1 Nf6 14. Qe2
cxd4 15. Rxd4 Qc7 16. Bf4 Qb7 17. Rad1 Rad8 18. Bd6 Bxd6 19. Rxd6 Qc7 20. Rxd8
Rxd8 21. Rxd8+ Qxd8 22. Qd2 Qxd2 23. Nxd2 Kf8 24. f3 Ke7 25. Kf2 Kd6 26. b4 a5
27. a3 axb4 28. axb4 Kc6 29. Ke3 e5 30. Ne4 Nxe4 31. Kxe4 Kd6 32. f4 exf4 33.
Kxf4 Ke6 34. Ke4 g6 35. g4 f6 36. Kf4 Kd6 37. h4 Kc6 38. h5 Kd6 39. Ke4 Kc6 40.
h6 Kd6 41. Kd4 Kc6 42. c5 bxc5+ 43. bxc5 f5 44. gxf5 gxf5 45. Ke5 f4 46. Kxf4
Kxc5 47. Ke5 Kc6 48. Kf6 Kd7 49. Kg7 Ke7 50. Kxh7 Kf7 51. Kh8 Kg6 52. h7 Kf7
1/2-1/2

[Event "SUI-ch U14"]
[Site "Kreuzlingen"]
[Date "2016.06.30"]
[Round "2.2"]
[White "Toth, Anatol"]
[Black "Williams, Johann"]
[Result "1/2-1/2"]
[WhiteElo "1775"]
[BlackElo "1856"]
[PlyCount "67"]
[EventDate "2016.??.??"]

1. e4 c5 2. Nf3 d6 3. d4 cxd4 4. Nxd4 Nf6 5. Nc3 a6 6. h3 e5 7. Nde2 Be7 8. g4
Be6 9. Bg2 h6 10. Ng3 Nbd7 11. Nd5 Nb6 12. Nxe7 Qxe7 13. b3 d5 14. exd5 Nfxd5
15. c4 Nb4 16. O-O O-O 17. Ba3 a5 18. Qf3 Rab8 19. Qc3 Bd7 20. Rfe1 Rfe8 21.
Bb2 f6 22. a3 Nc6 23. c5 Nc8 24. f4 N8a7 25. Rad1 Be6 26. fxe5 Nxe5 27. Qe3
Nac6 28. Ne4 Qc7 29. Nd6 Re7 30. Nb5 Qc8 31. Rd6 a4 32. Bxc6 bxc6 33. Na7 Rxa7
34. Bxe5 1/2-1/2

[Event "SUI-ch U14"]
[Site "Kreuzlingen"]
[Date "2016.06.30"]
[Round "2.3"]
[White "Labelle, Ambroise"]
[Black "Tezayak, Matthias"]
[Result "0-1"]
[WhiteElo "1726"]
[BlackElo "1813"]
[PlyCount "90"]
[EventDate "2016.??.??"]

1. e4 e6 2. Nf3 d5 3. Nc3 Nf6 4. e5 Nfd7 5. d4 c5 6. dxc5 Nxc5 7. Bd3 Nxd3+ 8.
Qxd3 Be7 9. Bf4 Bd7 10. O-O-O Nc6 11. Kb1 Qa5 12. Qb5 O-O-O 13. Qxa5 Nxa5 14.
Ng5 Be8 15. Rde1 h6 16. Nf3 Bb4 17. Bd2 Nc4 18. Rd1 Nxd2+ 19. Rxd2 Bxc3 20.
bxc3 Bb5 21. Nd4 Bc4 22. Re1 g5 23. Re3 h5 24. f4 gxf4 25. Rf3 Kd7 26. Rxf4 Ke7
27. Rdf2 Rh7 28. Nf3 Rg7 29. h4 Bb5 30. Ng5 Be8 31. Kc1 Rc8 32. Kd2 Rc5 33. g4
hxg4 34. Rxg4 Rc4 35. Rff4 Rxf4 36. Rxf4 Rg6 37. Nh7 Rg2+ 38. Kd3 Bb5+ 39. Ke3
Rxc2 40. Rf2 Rxc3+ 41. Kf4 Rc4+ 42. Kg5 Re4 43. h5 Rxe5+ 44. Kg4 Be2+ 45. Kf4
Re4+ 0-1

[Event "SUI-ch U14"]
[Site "Kreuzlingen"]
[Date "2016.06.30"]
[Round "2.4"]
[White "Kreutzmann, Duke"]
[Black "Pecorini, Angie"]
[Result "1-0"]
[WhiteElo "1979"]
[BlackElo "1676"]
[PlyCount "61"]
[EventDate "2016.??.??"]

1. d4 Nf6 2. Nf3 g6 3. Nbd2 d5 4. b4 Bg7 5. e3 O-O 6. Bb2 Bf5 7. c4 c6 8. Be2
Nbd7 9. O-O Rc8 10. Rc1 Ne8 11. Qb3 Nc7 12. cxd5 cxd5 13. a4 Re8 14. Rfd1 a6
15. b5 axb5 16. axb5 Nb6 17. Bc3 Ra8 18. Ra1 Qd6 19. Bb4 Qd7 20. Bc5 Qe6 21. h3
Rxa1 22. Rxa1 Ra8 23. Rxa8+ Ncxa8 24. Qa3 Qc8 25. Bxe7 Nc4 26. Nxc4 dxc4 27.
Bxc4 Nb6 28. Bb3 Bd7 29. Qc5 Qxc5 30. Bxc5 Nc8 31. b6 1-0

[Event "SUI-ch U14"]
[Site "Kreuzlingen"]
[Date "2016.06.30"]
[Round "2.5"]
[White "Angst, Oliver"]
[Black "Hurlimann, Max"]
[Result "1-0"]
[WhiteElo "1812"]
[BlackElo "1727"]
[PlyCount "47"]
[EventDate "2016.??.??"]

1. e4 c5 2. Nc3 Nc6 3. f4 d6 4. Nf3 g6 5. Bc4 Bg7 6. d3 Nf6 7. O-O O-O 8. Qe1
Bd7 9. e5 dxe5 10. fxe5 Ng4 11. e6 Be8 12. Qh4 h5 13. Bd2 Nce5 14. exf7+ Bxf7
15. Bxf7+ Rxf7 16. Kh1 Qc7 17. Ng5 Rxf1+ 18. Rxf1 Bf6 19. Nd5 Qd6 20. Nxf6+
exf6 21. Ne4 Qb6 22. Nxf6+ Nxf6 23. Qxf6 Qxb2 24. Bh6 1-0

[Event "SUI-ch U14"]
[Site "Kreuzlingen"]
[Date "2016.06.30"]
[Round "2.6"]
[White "Deveci, Sinan"]
[Black "Fischer, Daniel"]
[Result "0-1"]
[WhiteElo "1688"]
[BlackElo "2043"]
[PlyCount "56"]
[EventDate "2016.??.??"]

1. d4 Nf6 2. Nf3 d5 3. c4 e6 4. Nc3 Be7 5. Bg5 O-O 6. e3 h6 7. Bxf6 Bxf6 8. Qc2
b6 9. O-O-O Bb7 10. g4 g6 11. h4 Bg7 12. cxd5 exd5 13. g5 h5 14. Ne5 Nc6 15. f4
Ne7 16. Bd3 Bc8 17. e4 dxe4 18. Bxe4 Bf5 19. Qg2 Bxe4 20. Qxe4 Nf5 21. Rh3 a6
22. Nd5 Qd6 23. Rdd3 Rad8 24. Ne3 Nxd4 25. Nc2 c5 26. Kb1 Qe6 27. Rh1 Nxc2 28.
Kxc2 Rxd3 0-1

[Event "SUI-ch U14"]
[Site "Kreuzlingen"]
[Date "2016.06.30"]
[Round "2.7"]
[White "Ramseyer, Nicola"]
[Black "Zaza, Alexandre"]
[Result "1/2-1/2"]
[WhiteElo "1699"]
[BlackElo "1891"]
[PlyCount "65"]
[EventDate "2016.??.??"]

1. c4 Nf6 2. Nc3 g6 3. Nf3 Bg7 4. g3 c6 5. Bg2 d5 6. cxd5 cxd5 7. d4 O-O 8. Bf4
Nc6 9. Qd2 Re8 10. Ne5 Bf5 11. Bh6 Bh8 12. h4 Be6 13. Bf4 Qb6 14. Nxc6 bxc6 15.
Be5 h5 16. f3 Bg7 17. Bh3 Bxh3 18. Rxh3 Kh7 19. Kf2 Ng4+ 20. fxg4 Bxe5 21. gxh5
Qxd4+ 22. Qxd4 Bxd4+ 23. e3 Bxc3 24. hxg6+ fxg6 25. bxc3 Rf8+ 26. Ke2 Rab8 27.
Kd3 e5 28. g4 Rf2 29. c4 Rbb2 30. cxd5 cxd5 31. Rhh1 Rxa2 32. Rxa2 Rxa2 33. Rb1
1/2-1/2

[Event "SUI-ch U14"]
[Site "Kreuzlingen"]
[Date "2016.06.30"]
[Round "2.8"]
[White "Barth, Can-Elian"]
[Black "Urwyler, Nikash"]
[Result "1-0"]
[WhiteElo "1700"]
[BlackElo "1716"]
[PlyCount "77"]
[EventDate "2016.??.??"]

1. d4 Nf6 2. c4 e6 3. Nc3 Bb4 4. Qc2 O-O 5. a3 Bxc3+ 6. Qxc3 b6 7. Bg5 h6 8.
Bh4 Bb7 9. Nf3 d6 10. e3 Nbd7 11. Be2 c5 12. O-O Qc7 13. dxc5 Ne4 14. Qc2 Ndxc5
15. b4 Nd7 16. Rfd1 f5 17. Nd4 Rae8 18. f3 Nef6 19. Nb5 Qb8 20. Nxd6 Rd8 21.
Nxb7 Qxb7 22. Rd6 Rfe8 23. Rad1 g5 24. Bg3 Qc8 25. b5 Nc5 26. Be5 Nfd7 27. Ba1
Kf7 28. Qc3 Rg8 29. Rc6 Qb8 30. Rdd6 Rg6 31. Bd3 Ne5 32. Qxe5 Nxd3 33. Rd7+ Ke8
34. Rxd8+ Qxd8 35. Qh8+ Ke7 36. Qh7+ Kf8 37. Qxg6 Ne5 38. Qxh6+ Kg8 39. Qxe6+
1-0

[Event "SUI-ch U14"]
[Site "Kreuzlingen"]
[Date "2016.07.01"]
[Round "3.1"]
[White "Chennaoui, Yasin"]
[Black "Kreutzmann, Duke"]
[Result "1/2-1/2"]
[WhiteElo "1843"]
[BlackElo "1979"]
[PlyCount "61"]
[EventDate "2016.??.??"]

1. d4 e6 2. Nf3 Nf6 3. Bg5 d5 4. c4 Be7 5. e3 Nbd7 6. Nc3 O-O 7. Bd3 a6 8. O-O
dxc4 9. Bxc4 b5 10. Bd3 c5 11. Ne4 cxd4 12. Nxf6+ Nxf6 13. Nxd4 Bb7 14. Be2 Qb6
15. Bf3 Rfd8 16. Bxb7 Qxb7 17. Qf3 Qxf3 18. Nxf3 Nd5 19. Bxe7 Nxe7 20. Rfd1 f6
21. Kf1 e5 22. Ke2 Kf7 23. e4 Ke6 24. Rxd8 Rxd8 25. Rc1 Rc8 26. Rxc8 Nxc8 27.
Kd3 Nd6 28. Nd2 Nb7 29. b4 Kd6 30. f3 Nd8 31. Nb3 1/2-1/2

[Event "SUI-ch U14"]
[Site "Kreuzlingen"]
[Date "2016.07.01"]
[Round "3.2"]
[White "Tezayak, Matthias"]
[Black "Gherghel Butan, Mircea"]
[Result "1/2-1/2"]
[WhiteElo "1813"]
[BlackElo "1880"]
[PlyCount "63"]
[EventDate "2016.??.??"]

1. e4 Nf6 2. e5 Nd5 3. c4 Nb6 4. d4 d6 5. exd6 cxd6 6. Nc3 g6 7. Be3 Bg7 8. Rc1
O-O 9. b3 Nc6 10. d5 Ne5 11. Be2 Re8 12. f4 Ned7 13. Nf3 Nf6 14. Nd4 e6 15.
dxe6 Bxe6 16. Nxe6 Rxe6 17. Bf2 Ng4 18. O-O Ne3 19. Bxe3 Rxe3 20. Qd2 Qe7 21.
Bf3 Rd8 22. Nd5 Nxd5 23. Qxd5 b6 24. Rcd1 Bf8 25. Qd2 Bh6 26. Qd4 Bg7 27. Qd5
Bh6 28. Qd4 Bg7 29. Qd5 Bh6 30. Qd4 Bg7 31. Qd5 Bh6 32. Qd4 1/2-1/2

[Event "SUI-ch U14"]
[Site "Kreuzlingen"]
[Date "2016.07.01"]
[Round "3.3"]
[White "Williams, Johann"]
[Black "Angst, Oliver"]
[Result "1-0"]
[WhiteElo "1856"]
[BlackElo "1812"]
[PlyCount "85"]
[EventDate "2016.??.??"]

1. e4 c5 2. Nf3 d6 3. d4 cxd4 4. Nxd4 Nf6 5. Nc3 a6 6. Be2 e5 7. Nb3 Be7 8. O-O
O-O 9. Kh1 Be6 10. f4 exf4 11. Bxf4 Nc6 12. Nd4 Nxd4 13. Qxd4 Qd7 14. Rad1 Rfd8
15. Rd3 Qc6 16. Rg3 Qc5 17. Be3 Qxd4 18. Bxd4 Ne8 19. Nd5 Bxd5 20. exd5 Kf8 21.
c4 Bf6 22. Bb6 Rd7 23. b4 Bd8 24. Bd4 Bf6 25. Rd3 Bxd4 26. Rxd4 Nf6 27. Rfd1
Re8 28. Bf3 Rc7 29. Kg1 b6 30. Rc1 Rec8 31. Be2 h6 32. Kf2 b5 33. h3 g6 34. Rc2
Kg7 35. Ke1 Kf8 36. Kd1 Nd7 37. Rc3 Nb6 38. Ra3 Nxc4 39. Rxa6 Nb2+ 40. Ke1 Ke7
41. Re4+ Kd7 42. Bxb5+ Rc6 43. Bxc6+ 1-0

[Event "SUI-ch U14"]
[Site "Kreuzlingen"]
[Date "2016.07.01"]
[Round "3.4"]
[White "Labelle, Ambroise"]
[Black "Toth, Anatol"]
[Result "0-1"]
[WhiteElo "1726"]
[BlackElo "1775"]
[PlyCount "80"]
[EventDate "2016.??.??"]

1. e4 e5 2. Bc4 Nf6 3. d3 Nc6 4. Nc3 Bb4 5. Bg5 h6 6. Bxf6 Qxf6 7. Nge2 Na5 8.
O-O c6 9. a3 Nxc4 10. axb4 Nb6 11. d4 d6 12. d5 O-O 13. h3 Qg6 14. Ng3 f5 15.
exf5 Bxf5 16. Nxf5 Rxf5 17. dxc6 bxc6 18. Qd3 Rg5 19. Ne4 Rxg2+ 20. Kh1 Rf8 21.
Rg1 Rxg1+ 22. Rxg1 Qf5 23. Rg2 d5 24. Qg3 g5 25. Nc5 Rf6 26. Nd3 Nd7 27. h4 Rg6
28. hxg5 Qxg5 29. Nc5 Qc1+ 30. Rg1 Qxg1+ 31. Qxg1 Rxg1+ 32. Kxg1 Nxc5 33. bxc5
Kf7 34. Kg2 a5 35. Kf3 Kf6 36. b3 Kf5 37. c3 h5 38. b4 a4 39. b5 cxb5 40. c6
Ke6 0-1

[Event "SUI-ch U14"]
[Site "Kreuzlingen"]
[Date "2016.07.01"]
[Round "3.5"]
[White "Fischer, Daniel"]
[Black "Barth, Can-Elian"]
[Result "1-0"]
[WhiteElo "2043"]
[BlackElo "1700"]
[PlyCount "85"]
[EventDate "2016.??.??"]

1. e4 e6 2. d4 d5 3. Nd2 Nf6 4. e5 Nfd7 5. Ngf3 c5 6. c3 Nc6 7. Bd3 Qb6 8. O-O
cxd4 9. cxd4 Nxd4 10. Nxd4 Qxd4 11. Nf3 Qb6 12. Qa4 Bc5 13. Qg4 g6 14. Rb1 Qb4
15. Qh3 h5 16. Bxg6 fxg6 17. Qxe6+ Be7 18. Ng5 Nf8 19. Qf7+ Kd8 20. Qxd5+ Kc7
21. Bd2 Qg4 22. Rbc1+ Kb8 23. Ba5 a6 24. Bc7+ Ka7 25. Qb3 Qb4 26. Qe3+ b6 27.
Nf7 Bc5 28. Rxc5 Qxc5 29. Qxc5 bxc5 30. Nxh8 Be6 31. Bd6 Bxa2 32. Bxc5+ Kb7 33.
Bxf8 Rxf8 34. Nxg6 Rg8 35. Nf4 h4 36. Re1 Rf8 37. g3 hxg3 38. hxg3 Bc4 39. e6
Kc7 40. e7 Re8 41. Nh5 Kd6 42. Ng7 Rxe7 43. Nf5+ 1-0

[Event "SUI-ch U14"]
[Site "Kreuzlingen"]
[Date "2016.07.01"]
[Round "3.6"]
[White "Zaza, Alexandre"]
[Black "Deveci, Sinan"]
[Result "1-0"]
[WhiteElo "1891"]
[BlackElo "1688"]
[PlyCount "42"]
[EventDate "2016.??.??"]

1. e4 d6 2. d4 c6 3. Nc3 Qc7 4. f4 e5 5. Nf3 Bg4 6. Be3 Nd7 7. h3 Bxf3 8. Qxf3
Ngf6 9. Bc4 b5 10. Bb3 a6 11. O-O Rb8 12. a3 Rd8 13. Qg3 exd4 14. Bxd4 g6 15.
e5 Nh5 16. exd6 Bxd6 17. Qe3+ Kf8 18. Bxh8 f6 19. Qe6 Ne5 20. fxe5 Qb6+ 21. Rf2
Qxf2+ 1-0